Cineforum 437. Agosto-Settembre 2004. rivista di cultura cinematografica.' (Record n. 336238)

Dettagli MARC
000 -LEADER
fixed length control field 01841nas a2200265Ia 4500
001 - CONTROL NUMBER
control field R053-S9177
003 - CONTROL NUMBER IDENTIFIER
control field IT-CnALBA
008 - FIXED-LENGTH DATA ELEMENTS--GENERAL INFORMATION
fixed length control field 170116c99999999xx |||||||||||| ||und||
040 ## - CATALOGING SOURCE
Original cataloging agency IT-CnALBA
Transcribing agency IT-CnALBA
041 ## - LANGUAGE CODE
Language code of text/sound track or separate title ITALIANO
999 ## - SYSTEM CONTROL NUMBERS (KOHA)
Koha Dewey Subclass [OBSOLETE] NO
100 ## - MAIN ENTRY--PERSONAL NAME
Personal name Betti Laura # Malavasi Luca # Autori vari
210 ## - ABBREVIATED TITLE
Abbreviated title CINEFORUM
222 ## - KEY TITLE
Key title CINEFORUM
245 #0 - TITLE STATEMENT
Title Cineforum 437. Agosto-Settembre 2004. rivista di cultura cinematografica.'
250 ## - EDITION STATEMENT
Edition statement 1a ed.
260 ## - PUBLICATION, DISTRIBUTION, ETC. (IMPRINT)
Place of publication, distribution, etc. s.c.
Name of publisher, distributor, etc. Federazione italiana Cineforum'
Date of publication, distribution, etc. 2004 [1° Ed.:2004 - Ed.Ling.Originale: 2004]
310 ## - CURRENT PUBLICATION FREQUENCY
Current publication frequency MENSILE
362 ## - DATES OF PUBLICATION AND/OR SEQUENTIAL DESIGNATION
Dates of publication and/or sequential designation Fascicolo: 7 / Anno: 44 (2004)
500 ## - GENERAL NOTE
General note Speciale Carmelo Bene.Il ritorno di Aurora. Pasolini e gli altri. Monteiro, Coderd, Carrel, Oz, Lifshitz, Breillat, Brumi Tedesch, Usmov, Ceylan. classicità e Cinema, Bertani A. Vai e Vem di Jean-Luc Codard, Filmese, Bertolino, Figazzolo R. Mancino G. A. ... Cartoni Animati. La casa dei 1000 corpi. Timr Lime. Censi R. Anamorfosi, Don Giovanni. Spaziani P. Una macchina attoriale. Intervista a Laura Betti, Festival e Rassegne. Tivutargets. Le Lume del cinema. Libri a cura di E. Comuzio.'
501 ## - WITH NOTE
With note Società San Paolo EM - Piazza San Paolo, 14 - 12051 ALBA (CN) (non commercial uses only) ® Copyright 2017
520 ## - SUMMARY, ETC.
Summary, etc. Speciale Carmelo Bene.Il ritorno di Aurora. Pasolini e gli altri. Monteiro, Coderd, Carrel, Oz, Lifshitz, Breillat, Brumi Tedesch, Usmov, Ceylan. classicità e Cinema, Bertani A. Vai e Vem di Jean-Luc Codard, Filmese, Bertolino, Figazzolo R. Mancino G. A. ... Cartoni Animati. La casa dei 1000 corpi. Timr Lime. Censi R. Anamorfosi, Don Giovanni. Spaziani P. Una macchina attoriale. Intervista a Laura Betti, Festival e Rassegne. Tivutargets. Le Lume del cinema. Libri a cura di E. Comuzio.'
650 ## - SUBJECT ADDED ENTRY--TOPICAL TERM
Topical term or geographic name as entry element ARTI RICREATIVE E DELLO SPETTACOLO
942 ## - ADDED ENTRY ELEMENTS (KOHA)
Koha item type RIVISTA
957 ## -
-- 1
999 ## - SYSTEM CONTROL NUMBERS (KOHA)
-- 1
Dati di copia
Withdrawn status Lost status Damaged status Not for loan Home library Current library Date acquired Total Checkouts Full call number Date last seen Price effective from Koha item type Public note
    Buone Condizioni Not For Loan ALBA - Biblioteca ALBA - Biblioteca 16/01/2017   R053-S9177 16/01/2017 16/01/2017 RIVISTA (data import: 16 gennaio 2017) - By Epidotti, Vaglietti.
CREDITS: SOCIETA' SAN PAOLO Via A.Severo, 58 - ROMA (RM) & PERIODICI SAN PAOLO SRL Via Giotto, 36 MILANO & CISF Via Giotto, 36 MILANO & EDIZIONI SAN PAOLO SRL,  Piazza Soncino, 5 CINISELLO BALSAMO (MI) -- ITALY